000 00364nam a2200133 a 4500
082 _a297.013
_bBAD
245 1 _aThe Status of Woman in Islam
_cBadawi, Dr. Jamal A.
260 _aIslamabad:
_bIIUI printing press,
_c1983
300 _a91p.
526 _a0
_b0
_c0
_d297_013000000000000_BAD
650 _aMCE
_9379
650 _aWomen in Islam
_96551
942 _2ddc
_cBK
999 _c542208
_d542208